Анализ способов совершенствования режимов управления и повышения энергоэффективности технологической системы поддержания пластового давления; Современные техника и технологии; Т. 1

Podrobná bibliografie
Parent link:Современные техника и технологии: сборник трудов XVIII международной научно-практической конференции студентов, аспирантов и молодых ученых, Томск, 9-13 апреля 2012 г/ Национальный исследовательский Томский политехнический университет (ТПУ).— , 2012
Т. 1.— 2012.— [С. 25-26]
Hlavní autor: Велиев М. К.
Další autoři: Сушков В. В. (научный руководитель)
Shrnutí:Заглавие с титульного листа
Jazyk:ruština
Vydáno: 2012
Edice:Секция 1. Электроэнергетика
Témata:
On-line přístup:http://www.lib.tpu.ru/fulltext/v/Conferences/2012/C2/V1/v1_011.pdf
Médium: Elektronický zdroj Kapitola
KOHA link:https://koha.lib.tpu.ru/cgi-bin/koha/opac-detail.pl?biblionumber=220946

MARC

LEADER 00000naa2a2200000 4500
001 220946
005 20260206161709.0
035 |a (RuTPU)RU\TPU\book\241084 
035 |a RU\TPU\book\241045 
090 |a 220946 
100 |a 20120905d2012 k y0rusy50 ca 
101 0 |a rus 
102 |a RU 
135 |a drnn ---uucaa 
181 0 |a i  
182 0 |a b 
200 1 |a Анализ способов совершенствования режимов управления и повышения энергоэффективности технологической системы поддержания пластового давления  |f М. К. Велиев  |g науч. рук. В. В. Сушков 
203 |a Текст  |c электронный 
215 |a 1 файл (680 Кб) 
225 1 |a Секция 1. Электроэнергетика 
300 |a Заглавие с титульного листа 
320 |a [Библиогр.: с. 26 (7 назв.)] 
337 |a Adobe Reader 
461 1 |0 (RuTPU)RU\TPU\book\240890  |t Современные техника и технологии  |o сборник трудов XVIII международной научно-практической конференции студентов, аспирантов и молодых ученых, Томск, 9-13 апреля 2012 г  |o в 3 т.  |f Национальный исследовательский Томский политехнический университет (ТПУ)  |d 2012 
463 1 |0 (RuTPU)RU\TPU\book\240891  |t Т. 1  |v [С. 25-26]  |d 2012 
610 1 |a труды учёных ТПУ 
610 1 |a электронный ресурс 
610 1 |a нефтяные месторождения 
610 1 |a пластовое давление 
610 1 |a энергоэффективность 
610 1 |a технологические системы 
610 1 |a запорная арматура 
610 1 |a насосные установки 
700 1 |a Велиев  |b М. К. 
702 1 |a Сушков  |b В. В.  |4 727 
801 2 |a RU  |b 63413507  |c 20120905  |g RCR 
856 4 |u http://www.lib.tpu.ru/fulltext/v/Conferences/2012/C2/V1/v1_011.pdf 
942 |c CF